| Tag |
First Indicator |
Second Indicator |
Subfields |
| LEADER |
00000pam a2200000 a 4500 |
| 001 |
in00000553721 |
| 005 |
20151014051833.0 |
| 008 |
821216s1983 ncua b s00110 eng |
| 010 |
|
|
|a 82024724
|
| 020 |
|
|
|a 0807815624
|
| 035 |
|
|
|a (OCoLC)09133403
|
| 035 |
|
|
|9 ACJ6352AM
|
| 039 |
0 |
|
|a 2
|b 3
|c 3
|d 3
|e 3
|
| 040 |
|
|
|a DLC
|c DLC
|d TXA
|d UtOrBLW
|
| 043 |
|
|
|a n-us-ny
|
| 049 |
|
|
|a TXAM
|c [A08287695]
|
| 050 |
0 |
0 |
|a KFX2015
|b .H37 1983
|
| 082 |
0 |
|
|a 342.747/1029
|a 347.4710229
|2 19
|
| 100 |
1 |
|
|a Hartog, Hendrik,
|d 1948-
|
| 245 |
1 |
0 |
|a Public property and private power :
|b the corporation of the city of New York in American law, 1730-1870 /
|c Hendrik Hartog.
|
| 264 |
|
1 |
|a Chapel Hill :
|b University of North Carolina Press,
|c [1983]
|
| 264 |
|
4 |
|c ©1983
|
| 300 |
|
|
|a xiv, 274 pages :
|b illustrations ;
|c 24 cm.
|
| 336 |
|
|
|a text
|b txt
|2 rdacontent
|
| 337 |
|
|
|a unmediated
|b n
|2 rdamedia
|
| 338 |
|
|
|a volume
|b nc
|2 rdacarrier
|
| 490 |
1 |
|
|a Studies in legal history
|
| 504 |
|
|
|a Includes bibliographical references and index.
|
| 650 |
|
0 |
|a Law
|z New York (State)
|z New York
|x History.
|
| 650 |
|
0 |
|a Municipal corporations
|z New York (State)
|x History.
|
| 830 |
|
0 |
|a Studies in legal history.
|
| 999 |
|
|
|a MARS
|
| 999 |
f |
f |
|s 734b18ca-e849-3803-ba8c-1ca3c934323a
|i 55fdd5ec-9a5e-36d1-9710-3aa9b45aee9a
|t 0
|
| 952 |
f |
f |
|p normal
|a Texas A&M University
|b College Station
|c Sterling C. Evans Library
|d Evans: Library Stacks
|t 0
|e KFX2015 .H37 1983
|h Library of Congress classification
|i unmediated -- volume
|m A14808287695
|
| 998 |
f |
f |
|a KFX2015 .H37 1983
|t 0
|l Evans: Library Stacks
|